| 000 | 01792nam a2200397 c 4500 | ||
|---|---|---|---|
| 999 |
_c1179 _d1179 |
||
| 003 | BLK | ||
| 005 | 20250220122058.0 | ||
| 008 | 180412b bul|||||r ||||||| ||bul|| | ||
| 010 | _aKNG00001978000 | ||
| 020 | _a954-8155-09-7 | ||
| 040 | _aBLK | ||
| 041 |
_aBUL _cBUL |
||
| 080 |
_aПредучилищно възпитание _b373.2.016 _z373.2.016(073) |
||
| 100 | 1 |
_aРусинова, Елена Първанова _eпърви автор _9241577 |
|
| 139 |
_aКнига за учителя _bК 69 |
||
| 245 | 1 | 0 |
_aПрограма за възпитание на детето от две до седем-год. възраст _bКнига за учителя _cЕлена Първанова Русинова. |
| 257 | _aBGR | ||
| 260 |
_bДаниела Убенова _c1994 _aСофия |
||
| 300 |
_a199 с. _bс ил. _c21 см |
||
| 380 | _a3 | ||
| 500 | _aДруги авт.: Д. В. Гюров, М. К. Баева, В. М. Гюрова, Е. Д. Христова, Ю. Ив. Стоянова, Т. Т. Велинова, Л. Д. Пенева, Г. Д. Иванов, Е. Б. Андреева. - 15 000 тир. | ||
| 650 | 4 |
_aПредучилищно възпитание _9241578 |
|
| 650 | 4 |
_aДеца, предучилищна възраст - развитие и възпитание _9241579 |
|
| 653 | _aпредучилищно възпитание | ||
| 653 | _aпредучилищна възраст | ||
| 653 | _aразвитие | ||
| 653 | _aвъзпитание | ||
| 653 | _aкнига за учителя | ||
| 852 | _aЦб 178187 | ||
| 856 | 4 |
_qpdf _u |
|
| 856 | 4 |
_qpdf _u |
|
| 942 |
_cKNG _n0 _03 _s1 |
||
| 944 |
_aCR _c15.01.2003 _k30531 _lЦветелина Шанова |
||
| 944 |
_aED _c08.11.2016 _kСимона_Петрова |
||
| 999 | _d1179 | ||